| 000 | 01138cam a2200169 4500500 | ||
|---|---|---|---|
| 005 | 20251228065742.0 | ||
| 041 | _afre | ||
| 042 | _adc | ||
| 100 | 1 | 0 |
_aMuth, Franz-Christoph _eauthor |
| 245 | 0 | 0 | _aA Globe-trotter from Maghrib in al-Maqrīzī's booklet on Ethiopia: a footnote from some Arabic sources |
| 260 | _c2005. | ||
| 500 | _a61 | ||
| 520 | _aRésumé Cet article est une notice historique sur l’ouvrage d’al-Maqrīzī concernant les royaumes musulmans d’Éthiopie (1438). Il en examine les éditions et traductions, de même que les sources écrites (où se pose la question du plagiat à l’égard d’auteurs, notamment al-’Umarī) mais aussi orales. | ||
| 520 | _aThis article deals with al-Maqrīzī book (1438) on the Ethiopian muslim Kingdoms. It examines the various editions and translations of this text as well as its sources, notably written (which raises the issue of “plagiarism”) but also oral. | ||
| 786 | 0 | _nAfrique & histoire | 4 | 2 | 2005-10-01 | p. 123-131 | 1764-1977 | |
| 856 | 4 | 1 | _uhttps://shs.cairn.info/revue-afrique-et-histoire-2005-2-page-123?lang=fr&redirect-ssocas=7080 |
| 999 |
_c1592084 _d1592084 |
||